| 000 | 00473nam a2200181Ia 4500 | ||
|---|---|---|---|
| 001 | 23207 | ||
| 005 | 20260414150922.0 | ||
| 008 | 260414t2013||||xx |||||||||||||| ||spa|| | ||
| 041 | _aESP | ||
| 082 |
_a625.8 _bR715 |
||
| 100 |
_aRama Labrador, Francisco _eAUT |
||
| 245 | 0 |
_aManual de conservación de los pavimentos en la red viaria urbana _b |
|
| 260 | _c2013 | ||
| 300 |
_axvi, 454 pƔginas : _c24 cm. |
||
| 650 | _a0 | ||
| 654 | _aCIC | ||
| 942 |
_cLIB _dJUS _fJUS _2ddc _n |
||
| 999 |
_c23207 _d23207 |
||